[Event "1st Int. Chess Open of Marrakech"]
[Site "Marrakech"]
[Date "2010.06.26"]
[Round "1"]
[White "Bnaino, S."]
[Black "David, Alberto"]
[Result "0-1"]
[WhiteElo "2136"]
[BlackElo "2631"]
[EventDate "2010.06.28"]
[PlyCount "60"]
[SourceDate "2010.06.26"]

1.d4 Nf6 2.Nf3 d5 3.c4 e6 4.Nc3 Bb4 5.Bg5 Nbd7 6.cxd5 exd5 7.a3 Bxc3+ 8.
bxc3 c5 9.g3 Qa5 10.Bg2 Ne4 11.Bd2 c4 12.O-O O-O 13.Be1 Re8 14.Qc1 Nb6 15.
Ng5 Nf6 16.Ra2 Bd7 17.f3 h6 18.Nh3 Ba4 19.Nf2 Bb3 20.Rd2 Na4 21.e4 Qxc3 
22.Qb1 Qa5 23.e5 Nd7 24.Ng4 c3 25.Rdf2 Bc4 26.e6 Rxe6 27.Qxb7 Rd8 28.Bh3 
Bxf1 29.Rxf1 Rxe1 30.Rxe1 c2 0-1

[Event "1st Int. Chess Open of Marrakech"]
[Site "Marrakech"]
[Date "2010.06.26"]
[Round "1"]
[White "Degondo, Simplice Armel"]
[Black "Romanov, Evgeny"]
[Result "0-1"]
[WhiteElo "2075"]
[BlackElo "2594"]
[EventDate "2010.06.28"]
[PlyCount "90"]
[SourceDate "2010.06.26"]

1.Nf3 Nf6 2.c4 c6 3.Nc3 d5 4.cxd5 cxd5 5.d4 Nc6 6.Bf4 a6 7.e3 e6 8.Bd3 Be7
9.O-O O-O 10.Rc1 Bd7 11.Na4 Nh5 12.Nc5 Nxf4 13.exf4 Bc8 14.a3 Bf6 15.Re1 
g6 16.Bf1 Bg7 17.g3 Na5 18.Ne5 b6 19.Nb3 Nc4 20.Rc2 a5 21.Nd2 Nxe5 22.dxe5
Bd7 23.Rc1 b5 24.Nf3 Qb6 25.Qd4 Qb7 26.b4 axb4 27.axb4 Rfc8 28.Nd2 Bf8 29.
Nb3 Ra4 30.Rxc8 Qxc8 31.Nc5 Bxc5 32.Qxc5 Qxc5 33.bxc5 Kf8 34.Rb1 Ra5 35.f3
Ke7 36.Kf2 Kd8 37.g4 Kc7 38.Ke3 Kc6 39.Bd3 Kxc5 40.Rc1+ Kb6 41.f5 exf5 42.
gxf5 Bxf5 43.Bxf5 gxf5 44.Kd4 b4 45.Rc8 Rb5 0-1

[Event "1st Int. Chess Open of Marrakech"]
[Site "Marrakech"]
[Date "2010.06.26"]
[Round "1"]
[White "Iotov, Valentin"]
[Black "Tachafine, A."]
[Result "1-0"]
[WhiteElo "2569"]
[BlackElo "2012"]
[EventDate "2010.06.28"]
[PlyCount "92"]
[SourceDate "2010.06.26"]

1.d4 d5 2.Nf3 Nf6 3.c4 e6 4.Nc3 Be7 5.Bg5 Nbd7 6.e3 c6 7.Qc2 a6 8.Rd1 O-O 
9.a3 Re8 10.Be2 Nf8 11.Ne5 N6d7 12.Bf4 Nxe5 13.Bxe5 Bd6 14.Bxd6 Qxd6 15.
O-O b5 16.c5 Qc7 17.e4 f5 18.e5 Bd7 19.f4 Reb8 20.g4 Ng6 21.gxf5 exf5 22.
Bd3 Rf8 23.Rde1 Be6 24.Re3 Qe7 25.Rg3 Qd7 26.Nd1 Ne7 27.h4 Kh8 28.Kh1 Ng8 
29.Ne3 Nh6 30.Qg2 Rf7 31.Rg5 Rg8 32.a4 Qc7 33.Qc2 Rgf8 34.Ra1 Qa5 35.Qc3 
Qc7 36.Qd2 Rb8 37.Kh2 Rb7 38.Qc2 Qc8 39.axb5 axb5 40.Nxf5 Bxf5 41.Bxf5 
Nxf5 42.Rxf5 Qd8 43.Kg3 Ra7 44.Rxf7 Rxf7 45.f5 b4 46.Qd2 Kg8 1-0

[Event "1st Int. Chess Open of Marrakech"]
[Site "Marrakech"]
[Date "2010.06.26"]
[Round "1"]
[White "Teske, Henrik"]
[Black "Lameti, Mohamed"]
[Result "1-0"]
[WhiteElo "2542"]
[BlackElo "1887"]
[EventDate "2010.06.28"]
[PlyCount "61"]
[SourceDate "2010.06.26"]

1.e4 c5 2.Nf3 d6 3.d4 cxd4 4.Nxd4 Nf6 5.Nc3 a6 6.Bg5 e6 7.f4 Be7 8.Qf3 Qc7
9.O-O-O Nbd7 10.g4 O-O 11.Bxf6 Nxf6 12.g5 Nd7 13.h4 b5 14.a3 Bb7 15.f5 
exf5 16.Nxf5 Ne5 17.Qg2 Rfd8 18.h5 Bf8 19.Rh3 g6 20.hxg6 fxg6 21.Nd4 Qe7 
22.Nd5 Bxd5 23.exd5 Rd7 24.Be2 Qd8 25.Kb1 Qb6 26.c3 Rf7 27.Rdh1 Raa7 28.
Qe4 Nc4 29.Qxg6+ Rg7 30.Qf6 Raf7 31.Rxh7 1-0

[Event "1st Int. Chess Open of Marrakech"]
[Site "Marrakech"]
[Date "2010.06.26"]
[Round "1"]
[White "Del Rio de Angelis, Salvador G"]
[Black "Kouatly, Sami"]
[Result "1-0"]
[WhiteElo "2521"]
[BlackElo "1797"]
[EventDate "2010.06.28"]
[PlyCount "73"]
[SourceDate "2010.06.26"]

1.d4 Nf6 2.c4 g6 3.Nc3 d5 4.e3 Bg7 5.cxd5 Nxd5 6.Nxd5 Qxd5 7.Ne2 O-O 8.Nc3
Qa5 9.Bd2 Nc6 10.Bc4 Qg5 11.O-O Bg4 12.Ne4 Bxd1 13.Nxg5 Bc2 14.Bd5 h6 15.
Rfc1 Ba4 16.Ne4 e6 17.Bc4 Ne7 18.Bb4 Rfe8 19.Nc5 Bc6 20.Nd3 Nf5 21.Be1 Nd6
22.Bb3 a5 23.a4 Red8 24.Rc5 Be4 25.Nf4 Rac8 26.Rac1 g5 27.Nh5 Ne8 28.Nxg7 
Kxg7 29.Rxa5 b6 30.Ra7 Bd5 31.Bd1 c6 32.f3 Nf6 33.Bg3 c5 34.Bc7 cxd4 35.
exd4 Rd7 36.Rc3 Ne8 37.Be5+ 1-0

[Event "1st Int. Chess Open of Marrakech"]
[Site "Marrakech"]
[Date "2010.06.26"]
[Round "1"]
[White "Zinoun, Said"]
[Black "Doncea, Vladimir"]
[Result "0-1"]
[WhiteElo "1619"]
[BlackElo "2465"]
[EventDate "2010.06.28"]
[PlyCount "108"]
[SourceDate "2010.06.26"]

1.e4 c5 2.Nf3 e6 3.d4 cxd4 4.Nxd4 Nc6 5.Be2 Nf6 6.Bg5 Qa5+ 7.Bd2 Qc7 8.
Nxc6 bxc6 9.Nc3 d5 10.exd5 cxd5 11.O-O Be7 12.Nb5 Qb8 13.f4 O-O 14.Bc3 Ne4
15.Be5 Qb6+ 16.Bd4 Bc5 17.c3 Bd7 18.a4 a6 19.a5 Qb8 20.Bxc5 Nxc5 21.b4 Ne4
22.Nd4 Nxc3 23.Qc2 Qxb4 24.Nf3 Nxe2+ 25.Qxe2 Bb5 26.Qe1 Qxe1 27.Rfxe1 Rfc8
28.Nd4 Rc4 29.Ne2 Rac8 30.g3 h5 31.Kf2 Rc2 32.Ke3 Bxe2 33.Rxe2 R8c3+ 34.
Kf2 Kf8 35.Rb1 Rxe2+ 36.Kxe2 Ra3 37.Rb8+ Ke7 38.Rb7+ Kf6 39.Ra7 Rxa5 40.
Ke3 Ra2 41.h3 Ra3+ 42.Kf2 h4 43.g4 a5 44.Kg2 a4 45.Kh2 Ra2+ 46.Kg1 a3 47.
Kf1 d4 48.Ke1 d3 49.Kd1 Ra1+ 50.Kd2 a2 51.Kxd3 Rd1+ 52.Kc2 a1=Q 53.Rxa1 
Rxa1 54.Kb2 Rh1 0-1

[Event "1st Int. Chess Open of Marrakech"]
[Site "Marrakech"]
[Date "2010.06.26"]
[Round "?"]
[White "Alami, Halim"]
[Black "Fedorchuk, Sergey A"]
[Result "0-1"]
[WhiteElo "2155"]
[BlackElo "2646"]
[EventDate "2010.06.28"]
[PlyCount "56"]
[SourceDate "2010.06.26"]

1.e4 c5 2.Nf3 e6 3.d4 cxd4 4.Nxd4 a6 5.g3 d5 6.Bg2 dxe4 7.Bxe4 Nf6 8.Bf3 
e5 9.Nb3 Qxd1+ 10.Bxd1 Bh3 11.Be3 Nc6 12.c3 Nd5 13.Bc5 O-O-O 14.N1d2 e4 
15.Nc4 f5 16.Be2 Bxc5 17.Nxc5 Nf6 18.Ne6 Rdg8 19.Nf4 Bg4 20.Bxg4 Nxg4 21.
Nd6+ Kd7 22.Nf7 g5 23.Ng2 Nce5 24.Nxh8 Nd3+ 25.Ke2 f4 26.f3 exf3+ 27.Kxf3 
fxg3 28.Rad1 Ke6 0-1

[Event "1st Int. Chess Open of Marrakech"]
[Site "Marrakech"]
[Date "2010.06.26"]
[Round "1"]
[White "Gleizerov, Evgeny"]
[Black "Zelmat, Adnane"]
[Result "1-0"]
[WhiteElo "2578"]
[BlackElo "2046"]
[EventDate "2010.06.28"]
[PlyCount "66"]
[SourceDate "2010.06.26"]

1.d4 Nf6 2.c4 g6 3.Nc3 Bg7 4.e4 d6 5.Nf3 O-O 6.Be2 e5 7.O-O Nc6 8.d5 Ne7 
9.Nd2 Nd7 10.b4 a5 11.bxa5 Rxa5 12.Nb3 Ra8 13.Be3 f5 14.f3 b6 15.a4 f4 16.
Bf2 g5 17.a5 bxa5 18.c5 Ng6 19.Nb5 g4 20.fxg4 Nf6 21.Nd2 f3 22.Bxf3 Ba6 
23.Rxa5 c6 24.Rxa6 Rxa6 25.Nxd6 cxd5 26.exd5 e4 27.N2xe4 Nxe4 28.Bxe4 Ra1 
29.Qd2 Rxf1+ 30.Kxf1 Qf6 31.Bf5 Qa1+ 32.Qe1 Qa6+ 33.Kg1 Nf4 1-0

[Event "1st Int. Chess Open of Marrakech"]
[Site "Marrakech"]
[Date "2010.06.26"]
[Round "1"]
[White "Piay Garcia, Alba"]
[Black "Strikovic, Aleksa"]
[Result "0-1"]
[WhiteElo "1922"]
[BlackElo "2557"]
[EventDate "2010.06.28"]
[PlyCount "61"]
[SourceDate "2010.06.26"]

1.e4 c5 2.Nc3 Nc6 3.g3 g6 4.Bg2 Bg7 5.d3 d6 6.Be3 Rb8 7.a4 a6 8.Nge2 Nd4 
9.O-O h5 10.h3 b5 11.axb5 axb5 12.f4 b4 13.Bxd4 cxd4 14.Nb1 e6 15.Nd2 Ne7 
16.Qe1 O-O 17.g4 hxg4 18.hxg4 Nc6 19.Rf3 Bd7 20.Rh3 e5 21.f5 Bf6 22.Qg3 
Kg7 23.Nf3 Bg5 24.Rf1 Rh8 25.Nxg5 Qxg5 26.f6+ Kg8 27.Rxh8+ Kxh8 28.Qh2+ 
Kg8 29.Bh3 Nd8 30.Rf2 Ne6 31.Rg2 0-1

[Event "1st Int. Chess Open of Marrakech"]
[Site "Marrakech"]
[Date "2010.06.26"]
[Round "1"]
[White "Sbai, Abdeslam"]
[Black "Shchekachev, Andrei"]
[Result "0-1"]
[WhiteElo "1899"]
[BlackElo "2549"]
[EventDate "2010.06.28"]
[PlyCount "98"]
[SourceDate "2010.06.26"]

1.c4 g6 2.g3 Bg7 3.Bg2 c5 4.Nf3 Nc6 5.O-O d6 6.Nc3 e6 7.e3 Nge7 8.d3 O-O 
9.Qe2 e5 10.Rb1 d5 11.a3 a5 12.Nd2 Be6 13.Nb5 h6 14.b3 Qd7 15.Rd1 Rfd8 16.
Bb2 b6 17.Ba1 Rab8 18.Bb2 Bg4 19.Bf3 h5 20.h4 Bxf3 21.Nxf3 Qg4 22.Rd2 dxc4
23.bxc4 e4 24.Ne1 Qxe2 25.Rxe2 exd3 26.Rd2 Bxb2 27.Rbxb2 Ne5 28.Ra2 Nf5 
29.Kg2 Nxc4 30.Rxd3 a4 31.Kf1 Kf8 32.Ke2 Nfd6 33.Rc2 Nxb5 34.Rxc4 Rxd3 35.
Nxd3 Nxa3 36.Rxa4 Nb5 37.Rf4 Nc3+ 38.Kd2 Nd5 39.Re4 Ra8 40.Kc2 Ra3 41.Re5 
Nf6 42.f3 Nd7 43.Rg5 Ke7 44.g4 Nf6 45.gxh5 Nxh5 46.f4 Ng7 47.e4 Ne6 48.Re5
f6 49.Rd5 Nc7 0-1

[Event "1st Int. Chess Open of Marrakech"]
[Site "Marrakech"]
[Date "2010.06.26"]
[Round "1"]
[White "Loysel, Yves"]
[Black "Sriram, Jha"]
[Result "0-1"]
[WhiteElo "1781"]
[BlackElo "2507"]
[EventDate "2010.06.28"]
[PlyCount "92"]
[SourceDate "2010.06.26"]

1.e4 c5 2.Nc3 a6 3.f4 b5 4.Nf3 Bb7 5.g3 e6 6.d3 Nf6 7.Bg2 d5 8.Qe2 b4 9.e5
bxc3 10.exf6 Qxf6 11.Rb1 Ra7 12.O-O Nd7 13.bxc3 Bd6 14.Bb2 O-O 15.c4 d4 
16.Bc1 Ba8 17.Bd2 Re8 18.Qf2 h6 19.Ba5 Bc7 20.Qd2 Qd8 21.Bxc7 Qxc7 22.Rfe1
Rb8 23.Rb3 Bc6 24.Reb1 Rab7 25.h3 Ba4 26.Rxb7 Rxb7 27.Qc1 Rb6 28.Rxb6 Qxb6
29.Kh2 Bc6 30.Nd2 Bxg2 31.Kxg2 Qb4 32.Ne4 f5 33.Nd2 e5 34.fxe5 Nxe5 35.Nf3
Qb7 36.Qf4 Qxf3+ 37.Qxf3 Nxf3 38.Kxf3 Kf7 39.h4 Kf6 40.h5 Kg5 41.a3 Kxh5 
42.Kf4 Kg6 43.Ke5 h5 44.Kd5 f4 45.gxf4 h4 46.Ke4 h3 0-1

[Event "1st Int. Chess Open of Marrakech"]
[Site "Marrakech"]
[Date "2010.06.26"]
[Round "1"]
[White "Nafri, Khalil"]
[Black "Guseinov, Gadir"]
[Result "0-1"]
[WhiteElo "2091"]
[BlackElo "2602"]
[EventDate "2010.06.28"]
[PlyCount "85"]
[SourceDate "2010.06.26"]

1.e4 c5 2.Nf3 g6 3.d4 cxd4 4.Nxd4 Nc6 5.Be3 Nf6 6.Nc3 Bg7 7.Bc4 O-O 8.Bb3 
a5 9.a4 Ng4 10.Qxg4 Nxd4 11.Qh4 Nxb3 12.cxb3 Bf6 13.Bg5 Bxg5 14.Qxg5 d6 
15.O-O Be6 16.Nd5 Bxd5 17.exd5 e5 18.Qe3 Ra6 19.Rac1 Qb6 20.Rfe1 Re8 21.
Rc4 Qxe3 22.Rxe3 Rb6 23.Kf1 Kg7 24.b4 axb4 25.Rb3 e4 26.Rcxb4 Rxb4 27.Rxb4
Re7 28.Ke2 f5 29.Rb6 Rd7 30.f3 exf3+ 31.gxf3 g5 32.Ke3 f4+ 33.Kd4 h5 34.h3
g4 35.hxg4 hxg4 36.Rb3 g3 37.Ra3 Re7 38.b4 Kf6 39.a5 Kg5 40.Ra1 g2 41.Rg1 
Re2 42.Kd3 Rb2 43.b5 0-1

[Event "1st Int. Chess Open of Marrakech"]
[Site "Marrakech"]
[Date "2010.06.26"]
[Round "1"]
[White "Cossin, Sebastien"]
[Black "Arif, Mohammed"]
[Result "1-0"]
[WhiteElo "2494"]
[BlackElo "1781"]
[EventDate "2010.06.28"]
[PlyCount "59"]
[SourceDate "2010.06.26"]

1.d4 Nf6 2.c4 c5 3.d5 b5 4.Qc2 d6 5.e4 g6 6.cxb5 a6 7.Nc3 Bg7 8.Nf3 Nbd7 
9.h3 O-O 10.a4 axb5 11.Bxb5 Ba6 12.O-O Bxb5 13.Nxb5 Ne8 14.Ra3 Nc7 15.Nxc7
Qxc7 16.b4 Rfb8 17.b5 Ra7 18.Nd2 Qb7 19.Nc4 Nb6 20.Bd2 Nxc4 21.Qxc4 Qd7 
22.Rb1 f5 23.a5 fxe4 24.b6 Raa8 25.a6 Qf5 26.Be3 g5 27.b7 Ra7 28.Qb5 g4 
29.hxg4 Qxg4 30.Qb6 1-0

[Event "1st Int. Chess Open of Marrakech"]
[Site "Marrakech"]
[Date "2010.06.26"]
[Round "1"]
[White "Hoffman, Alejandro"]
[Black "Al Haik, M."]
[Result "1-0"]
[WhiteElo "2438"]
[BlackElo "1499"]
[EventDate "2010.06.28"]
[PlyCount "55"]
[SourceDate "2010.06.26"]

1.d4 Nf6 2.Nf3 g6 3.Bf4 Bg7 4.e3 O-O 5.h3 d6 6.c3 c6 7.Be2 a6 8.a4 b6 9.
Nbd2 Bb7 10.Qb3 Nbd7 11.e4 Nh5 12.Be3 Qc7 13.g4 Nhf6 14.g5 Ne8 15.h4 e5 
16.h5 c5 17.hxg6 hxg6 18.d5 Qd8 19.c4 Nc7 20.Nh4 b5 21.Nf5 gxf5 22.exf5 
Nxd5 23.cxd5 c4 24.Qc2 Bxd5 25.Ne4 f6 26.g6 Nc5 27.Bxc5 dxc5 28.O-O-O 1-0

[Event "1st Int. Chess Open of Marrakech"]
[Site "Marrakech"]
[Date "2010.06.26"]
[Round "1"]
[White "Alluch, N."]
[Black "Colin, Vincent"]
[Result "0-1"]
[WhiteElo "1499"]
[BlackElo "2428"]
[EventDate "2010.06.28"]
[PlyCount "64"]
[SourceDate "2010.06.26"]

1.d4 Nf6 2.c4 g6 3.Nf3 Bg7 4.Nc3 O-O 5.Bf4 c5 6.e3 cxd4 7.Nxd4 d6 8.Ndb5 
a6 9.Na3 Nh5 10.Bg3 Bxc3+ 11.bxc3 Qa5 12.Qb3 Nxg3 13.hxg3 Nd7 14.Nc2 b6 
15.Be2 Bb7 16.Bf3 Nc5 17.Qa3 Qxa3 18.Nxa3 Rfc8 19.Bxb7 Nxb7 20.Kd2 Nc5 21.
f3 h5 22.Rac1 Nd7 23.Rh4 Rc5 24.f4 Ra5 25.Nc2 Rxa2 26.Ra1 Rxa1 27.Nxa1 Rc8
28.Kd3 Nc5+ 29.Kd4 f5 30.Rh1 Ne4 31.g4 hxg4 32.Kd5 Nxc3+ 0-1

[Event "1st Int. Chess Open of Marrakech"]
[Site "Marrakech"]
[Date "2010.06.26"]
[Round "1"]
[White "Shirazi, Kamran"]
[Black "Bendriss, H."]
[Result "1-0"]
[WhiteElo "2425"]
[BlackElo "1499"]
[EventDate "2010.06.28"]
[PlyCount "83"]
[SourceDate "2010.06.26"]

1.e4 c6 2.d4 d5 3.Nc3 dxe4 4.Nxe4 Nf6 5.Nxf6+ exf6 6.Bc4 Bd6 7.Qe2+ Qe7 8.
c3 Bg4 9.Qe3 Nd7 10.h3 Bh5 11.Ne2 Nb6 12.Bb3 Bxe2 13.Kxe2 Qxe3+ 14.fxe3 
O-O 15.Bd2 Rfe8 16.Rhf1 Re7 17.Rf5 Rc8 18.Raf1 c5 19.Kd1 cxd4 20.exd4 Nc4 
21.Bxc4 Rxc4 22.Rd5 Bc7 23.Re1 Kf8 24.Kc2 Rc6 25.Rxe7 Kxe7 26.Kd3 a6 27.a4
g6 28.g4 Rd6 29.Rxd6 Bxd6 30.c4 Ke6 31.Bc3 Bg3 32.d5+ Ke7 33.c5 Bf2 34.Bd4
Be1 35.Kc4 f5 36.gxf5 g5 37.b4 h5 38.b5 axb5+ 39.axb5 g4 40.hxg4 hxg4 41.
d6+ Kd7 42.Kd5 1-0

[Event "1st Int. Chess Open of Marrakech"]
[Site "Marrakech"]
[Date "2010.06.26"]
[Round "1"]
[White "Bismillah, N."]
[Black "Kiss, P."]
[Result "0-1"]
[WhiteElo "1499"]
[BlackElo "2388"]
[EventDate "2010.06.28"]
[PlyCount "59"]
[SourceDate "2010.06.26"]

1.d4 d5 2.c4 c6 3.cxd5 cxd5 4.Nc3 Nf6 5.Nf3 Nc6 6.Bf4 a6 7.e3 Bg4 8.Be2 e6
9.O-O Be7 10.Ne5 Bxe2 11.Qxe2 Rc8 12.Rac1 Qa5 13.a3 O-O 14.Rfd1 Rfd8 15.
Rd3 Nxe5 16.Bxe5 Rc4 17.Rc2 Rdc8 18.Qd2 Ne4 19.Qe1 Nxc3 20.Rdxc3 Rxc3 21.
Rxc3 Rxc3 22.Qxc3 Qxc3 23.bxc3 Bxa3 24.h3 Bb2 25.e4 Bxc3 26.exd5 exd5 27.
Kh2 f6 28.Bf4 Bxd4 29.Be3 Bxe3 30.fxe3 0-1

[Event "1st Int. Chess Open of Marrakech"]
[Site "Marrakech"]
[Date "2010.06.26"]
[Round "2"]
[White "Doncea, Vladimir"]
[Black "Georgiev, Kiril"]
[Result "0-1"]
[WhiteElo "2662"]
[BlackElo "2465"]
[EventDate "2010.06.28"]
[PlyCount "79"]
[SourceDate "2010.06.26"]

1.c4 Nf6 2.g3 c6 3.Nf3 d5 4.Bg2 dxc4 5.Na3 Qd5 6.Qc2 Be6 7.O-O Nbd7 8.Nh4 
Qc5 9.d4 cxd3 10.Qxd3 Ne5 11.Qd1 Rd8 12.Be3 Qa5 13.Qc2 g6 14.Qc3 Qxc3 15.
bxc3 Bg7 16.Rfb1 b6 17.Bd4 Nh5 18.f4 Ng4 19.Bxc6+ Bd7 20.Bf3 O-O 21.Nc4 
Rc8 22.Ne5 Nxe5 23.fxe5 Bh6 24.a4 Ng7 25.a5 Ne6 26.Bf2 Rxc3 27.axb6 axb6 
28.Ra7 Bc6 29.Rxb6 Bxf3 30.Nxf3 Re8 31.Rbb7 Kf8 32.Kf1 Be3 33.Bxe3 Rxe3 
34.Kf2 Rc3 35.Rb4 h5 36.Rbb7 g5 37.h3 Rc4 38.Nd2 Rc5 39.Kf3 g4+ 40.hxg4 {
inachevée} 0-1

[Event "1st Int. Chess Open of Marrakech"]
[Site "Marrakech"]
[Date "2010.06.26"]
[Round "2"]
[White "Guseinov, Gadir"]
[Black "Boricsev, Oleg"]
[Result "1-0"]
[WhiteElo "2602"]
[BlackElo "2396"]
[EventDate "2010.06.28"]
[PlyCount "32"]
[SourceDate "2010.06.26"]

1.e4 d5 2.exd5 Nf6 3.Nf3 Bg4 4.Bb5+ Nbd7 5.h3 Bxf3 6.Qxf3 a6 7.Ba4 b5 8.
Bb3 g6 9.a4 Bg7 10.d6 exd6 11.axb5 O-O 12.Rxa6 Re8+ 13.Kd1 Rb8 14.d4 Rxb5 
15.g4 c5 16.g5 Rxb3 {Inachevée} 1-0

[Event "1st Int. Chess Open of Marrakech"]
[Site "Marrakech"]
[Date "2010.06.26"]
[Round "2"]
[White "Malakhatko, Vadim"]
[Black "Bissière, M."]
[Result "1/2-1/2"]
[WhiteElo "2569"]
[BlackElo "2341"]
[EventDate "2010.06.28"]
[PlyCount "78"]
[SourceDate "2010.06.26"]

1.d4 Nf6 2.Nf3 g6 3.Bg5 Bg7 4.c3 b6 5.e3 Bb7 6.Nbd2 c5 7.Bd3 O-O 8.O-O d5 
9.Qc2 Nc6 10.Rad1 Rc8 11.Qb1 Nd7 12.Rfe1 c4 13.Bf1 f5 14.b3 cxb3 15.axb3 
h6 16.Bh4 g5 17.Bg3 e5 18.dxe5 Ncxe5 19.Bxe5 Nxe5 20.c4 Qe7 21.cxd5 Bxd5 
22.Nxe5 Qxe5 23.Bc4 Rfd8 24.Nf3 Qe6 25.Rxd5 Rxd5 26.h4 Rxc4 27.bxc4 Ra5 
28.hxg5 hxg5 29.Nxg5 Qxc4 30.Qd1 Bf6 31.Qh5 Bxg5 32.Qxg5+ Kf7 33.e4 Re5 
34.Re3 Ke8 35.Rh3 Qxe4 36.Rh8+ Kd7 37.Qd8+ Kc6 38.Qa8+ Kb5 39.Qxa7 Qd4 
1/2-1/2

[Event "1st Int. Chess Open of Marrakech"]
[Site "Marrakech"]
[Date "2010.06.26"]
[Round "2"]
[White "Sebbar, A."]
[Black "Miladinovic, Igor"]
[Result "0-1"]
[WhiteElo "2290"]
[BlackElo "2559"]
[EventDate "2010.06.28"]
[PlyCount "105"]
[SourceDate "2010.06.26"]

1.e4 c5 2.Nf3 Nc6 3.d4 cxd4 4.Nxd4 Qc7 5.Nc3 e6 6.Be2 a6 7.O-O Nf6 8.Be3 
Bb4 9.Na4 Be7 10.Nxc6 bxc6 11.Nb6 Rb8 12.Nxc8 Qxc8 13.Bd4 Qc7 14.Qd3 e5 
15.Bc3 Bb4 16.Bf3 Qa5 17.Bxb4 Qxb4 18.b3 a5 19.Rfd1 Qc5 20.Qd2 h6 21.h4 
Ke7 22.g4 d6 23.c3 Rhd8 24.Kg2 Nh7 25.Qe2 Nf8 26.Qe3 Ne6 27.Qxc5 Nxc5 28.
Rd2 Ne6 29.Be2 d5 30.exd5 cxd5 31.Rad1 g5 32.h5 Rbc8 33.c4 d4 34.Bd3 Rb8 
35.Bf5 Nc5 36.Rc1 Kd6 37.Rb1 Rb6 38.Kf3 Rdb8 39.Rc1 a4 40.bxa4 Rb4 41.a5 
Ra4 42.Ke2 Rxa5 43.Rb1 Rxb1 44.Bxb1 Na4 45.Kd3 Nc3 46.Rb2 Kc5 47.Bc2 e4+ 
48.Kd2 Ra6 49.Ke1 d3 50.Bb3 Kd4 51.c5 Rf6 52.c6 Rxc6 53.Bxf7 0-1

[Event "1st Int. Chess Open of Marrakech"]
[Site "Marrakech"]
[Date "2010.06.26"]
[Round "2"]
[White "Strikovic, Aleksa"]
[Black "Ravot, Sylvain"]
[Result "1-0"]
[WhiteElo "2557"]
[BlackElo "2274"]
[EventDate "2010.06.28"]
[PlyCount "88"]
[SourceDate "2010.06.26"]

1.c4 f5 2.Nf3 Nf6 3.g3 d6 4.d4 g6 5.b3 Bg7 6.Bb2 O-O 7.Bg2 Qe8 8.O-O Na6 
9.Nbd2 Rb8 10.Qc2 h6 11.a3 c5 12.b4 cxd4 13.Nxd4 Bd7 14.e4 Nh5 15.exf5 
gxf5 16.f4 Qg6 17.N2f3 Bf6 18.Rae1 Ng7 19.Nb5 Bxb2 20.Qxb2 Be6 21.Nd2 Qf7 
22.Qd4 Rfd8 23.Re3 d5 24.c5 Bd7 25.Qd3 Ne8 26.Rfe1 e6 27.Nd4 Ng7 28.N2f3 
Qf6 29.Ne5 Be8 30.c6 Nc7 31.cxb7 Rxb7 32.Nec6 Bxc6 33.Nxc6 Rd6 34.Rc1 Nge8
35.Nd4 Kg7 36.Re2 a6 37.Rec2 Nb5 38.Nf3 Nbc7 39.Ne5 Kg8 40.Rc5 Qd8 41.Nc6 
Qd7 42.Bf3 Nf6 43.Na5 Ra7 44.Qd4 Ne4 1-0

[Event "1st Int. Chess Open of Marrakech"]
[Site "Marrakech"]
[Date "2010.06.26"]
[Round "2"]
[White "Njili, Kamel"]
[Black "Teske, Henrik"]
[Result "1/2-1/2"]
[WhiteElo "2247"]
[BlackElo "2542"]
[EventDate "2010.06.28"]
[PlyCount "98"]
[SourceDate "2010.06.26"]

1.e4 Nf6 2.e5 Nd5 3.d4 d6 4.Nf3 dxe5 5.Nxe5 c6 6.Bc4 Bf5 7.Nc3 e6 8.Ne2 
Nb4 9.Bb3 Nd7 10.Nf3 a5 11.a3 a4 12.axb4 axb3 13.Rxa8 Qxa8 14.c3 Bc2 15.
Qd2 Be7 16.O-O O-O 17.Ng3 b6 18.Qe2 c5 19.bxc5 bxc5 20.Re1 Rd8 21.Ne4 Qd5 
22.dxc5 e5 23.c6 Qxc6 24.Ned2 Bf6 25.Qc4 Qxc4 26.Nxc4 e4 27.Nd4 Nc5 28.Be3
Nd3 29.Ra1 h6 30.Kf1 Rc8 31.Nb6 Rb8 32.Nc4 Bxd4 33.Bxd4 Rc8 34.Nb6 Rc6 35.
Ra8+ Kh7 36.Nd7 h5 37.Ne5 Re6 38.Nxf7 Re7 39.Ng5+ Kg6 40.h4 Nxb2 41.Ra6+ 
Kf5 42.Ra5+ Kg4 43.Nh3 Nc4 44.Rg5+ Kxh4 45.Kg1 Nd2 46.Be3 Nf3+ 47.gxf3 
exf3 48.Rb5 Kxh3 49.Rxh5+ Kg4 1/2-1/2

[Event "1st Int. Chess Open of Marrakech"]
[Site "Marrakech"]
[Date "2010.06.26"]
[Round "2"]
[White "El Amari, Khaled"]
[Black "Bennani, I."]
[Result "0-1"]
[WhiteElo "2164"]
[BlackElo "1499"]
[EventDate "2010.06.28"]
[PlyCount "40"]
[SourceDate "2010.06.26"]

1.e4 c5 2.Nc3 Nc6 3.g3 g6 4.Bg2 Bg7 5.Nge2 d6 6.O-O e5 7.d3 Be6 8.f4 Qd7 
9.Nd5 O-O-O 10.c3 h5 11.Be3 Nh6 12.b4 Ng4 13.bxc5 Nxe3 14.Nxe3 dxc5 15.Nd5
h4 16.Qe1 Bh3 17.f5 Bxg2 18.Kxg2 gxf5 19.Rxf5 f6 20.Qf2 Ne7 {Illisible} 
0-1

[Event "1st Int. Chess Open of Marrakech"]
[Site "Marrakech"]
[Date "2010.06.26"]
[Round "2"]
[White "Zouizine, Rachid"]
[Black "Doumi, M."]
[Result "1-0"]
[WhiteElo "2092"]
[BlackElo "1499"]
[EventDate "2010.06.28"]
[PlyCount "51"]
[SourceDate "2010.06.26"]

1.e4 c5 2.Nf3 d6 3.d4 cxd4 4.Nxd4 Nf6 5.Nc3 a6 6.Bg5 e6 7.f4 Be7 8.Qf3 
Nfd7 9.h4 Nc6 10.O-O-O Nxd4 11.Rxd4 f6 12.Bc4 Nb6 13.Bb3 O-O 14.Qg3 fxg5 
15.hxg5 Rxf4 16.Kb1 Bxg5 17.Ne2 Rf6 18.Rxd6 Qf8 19.Rhd1 Rg6 20.Rxb6 Bd8 
21.Qe3 Be7 22.Nf4 Bc5 23.Nxg6 Bxe3 24.Nxf8 Bxb6 25.Nxe6 Bxe6 26.Bxe6+ 1-0

[Event "1st Int. Chess Open of Marrakech"]
[Site "Marrakech"]
[Date "2010.06.26"]
[Round "2"]
[White "Sriram, Jha"]
[Black "Flear, Christine"]
[Result "1-0"]
[WhiteElo "2507"]
[BlackElo "2170"]
[EventDate "2010.06.28"]
[PlyCount "91"]
[SourceDate "2010.06.26"]

1.d4 d5 2.c4 e6 3.Nc3 Nf6 4.cxd5 exd5 5.Bg5 Be7 6.e3 c6 7.Qc2 O-O 8.Bd3 
Nbd7 9.Nf3 Re8 10.h3 Nf8 11.O-O Ng6 12.Rae1 Ne4 13.Bxe7 Qxe7 14.Bxe4 dxe4 
15.Nd2 f5 16.f3 exf3 17.Nxf3 Nh4 18.Ne5 Qg5 19.Qf2 Be6 20.Kh2 Rad8 21.b3 
Rf8 22.Ne2 Ng6 23.Nf4 Nxf4 24.Qxf4 Qxf4+ 25.Rxf4 Bd5 26.h4 g6 27.Ref1 Kg7 
28.g4 fxg4 29.Rxf8 Rxf8 30.Rxf8 Kxf8 31.Nxg4 Ke7 32.Kg3 a5 33.Kf4 a4 34.
bxa4 Bxa2 35.a5 Kd6 36.Nf6 h6 37.e4 Bf7 38.Ng4 g5+ 39.hxg5 hxg5+ 40.Kxg5 
c5 41.Nh6 Ba2 42.Nf5+ Kc6 43.d5+ Kb5 44.Kf6 c4 45.d6 c3 46.d7 1-0

[Event "1st Int. Chess Open of Marrakech"]
[Site "Marrakech"]
[Date "2010.06.26"]
[Round "2"]
[White "Chorfi, Khaled"]
[Black "Cossin, Sebastien"]
[Result "1/2-1/2"]
[WhiteElo "2174"]
[BlackElo "2494"]
[EventDate "2010.06.28"]
[PlyCount "63"]
[SourceDate "2010.06.26"]

1.c4 Nf6 2.Nc3 g6 3.e4 d6 4.d4 Bg7 5.f3 O-O 6.Be3 e5 7.Nge2 c6 8.Qd2 a6 9.
dxe5 dxe5 10.Qxd8 Rxd8 11.Na4 Nbd7 12.O-O-O b5 13.Nb6 Rb8 14.Nxc8 Rdxc8 
15.g3 Bf8 16.Bh3 Rc7 17.cxb5 axb5 18.Kb1 Nb6 19.Rd3 c5 20.Rhd1 Be7 21.Nc3 
Rcb7 22.Bg5 c4 23.Re3 b4 24.Bxf6 bxc3 25.Bxe7 Na4 26.Rd8+ Rxd8 27.Bxd8 
Rxb2+ 28.Kc1 Rxa2 29.Bd7 Ra1+ 30.Kc2 Ra2+ 31.Kc1 Ra1+ 32.Kc2 1/2-1/2

[Event "1st Int. Chess Open of Marrakech"]
[Site "Marrakech"]
[Date "2010.06.26"]
[Round "2"]
[White "Tissir, Mohamed"]
[Black "Daurelle, Herve"]
[Result "1/2-1/2"]
[WhiteElo "2474"]
[BlackElo "2249"]
[EventDate "2010.06.28"]
[PlyCount "110"]
[SourceDate "2010.06.26"]

1.e4 c5 2.Nc3 d6 3.Nf3 Nf6 4.d4 cxd4 5.Nxd4 Bd7 6.f3 e5 7.Nb3 Be7 8.Be3 
O-O 9.Qd2 Be6 10.O-O-O a5 11.Kb1 a4 12.Nc1 a3 13.b3 Na6 14.g4 Nb4 15.g5 
Nh5 16.Nd5 Nxd5 17.exd5 Bf5 18.Bd3 Bxd3 19.Nxd3 f5 20.f4 e4 21.Nc1 Qc7 22.
Ne2 Rfc8 23.c4 b5 24.c5 Bf8 25.c6 Qf7 26.Qb4 g6 27.Qxb5 Rab8 28.Qc4 Ng7 
29.Bc1 Ne8 30.Bxa3 Qa7 31.Bb2 Ra8 32.a4 Rab8 33.Nd4 Bg7 34.Nb5 Rxb5 35.
Qxb5 Rb8 36.Qc4 Bxb2 37.Kxb2 Qf2+ 38.Ka3 Nc7 39.Rdf1 Qd2 40.Rd1 Qxf4 41.h4
Qf3 42.h5 gxh5 43.Rdf1 Qg2 44.Rhg1 Qd2 45.g6 Nb5+ 46.axb5 Ra8+ 47.Qa4 
Rxa4+ 48.Kxa4 Qa2+ 49.Kb4 Qd2+ 50.Ka4 Qa2+ 51.Kb4 Qd2+ 52.Ka3 Qa5+ 53.Kb2 
Qd2+ 54.Kb1 Qd3+ 55.Ka2 Qd2+ 1/2-1/2